[Event "Chennai op 7th"]
[Site "Chennai"]
[Date "2014.12.30"]
[Round "1"]
[White "Mugil, Jayavel"]
[Black "Mozharov, Mikhail"]
[Result "0-1"]
[WhiteElo "2135"]
[BlackElo "2557"]
[PlyCount "78"]
[EventDate "2014.12.30"]
[EventType "swiss"]
[EventRounds "10"]
[EventCountry "IND"]
[SourceTitle "CBM 164 Extra"]
[Source "ChessBase"]
[SourceDate "2015.03.02"]
[SourceVersion "1"]
[SourceVersionDate "2015.03.02"]
[SourceQuality "1"]

1. e4 c5 2. Nf3 e6 3. d4 cxd4 4. Nxd4 Nc6 5. Nc3 Qc7 6. Be3 a6 7. Be2 Nf6 8. Qd2 Bb4 9. f3 0-0 10. a3 Be7 11. Nb3 Ne5 12. 0-0 b5 13. Qd4 d6 14. Rad1 Rb8 15. f4 Neg4 16. Bc1 e5 17. Qd3 Qa7+ 18. Kh1 Nf2+ 19. Rxf2 Qxf2 20. Be3 Qh4 21. g3 Qh3 22. f5 Bb7 23. Bf3 Rbc8 24. Rd2 Rfe8 25. Rf2 Ng4 26. Nd1 d5 27. Qe2 Nxe3 28. Nxe3 dxe4 29. Bg4 Qh6 30. f6 Bxf6 31. Bxc8 Rxc8 32. Kg1 Qg6 33. Ng4 e3 34. Nxf6+ gxf6 35. Qxe3 Rxc2 36. Rd2 Rxd2 37. Nxd2 Qc2 38. Qb6 Qd1+ 39. Nf1 Qf3 0-1

[Event "New Delhi Parsvnath op 10th"]
[Site "New Delhi"]
[Date "2012.01.21"]
[Round "9"]
[White "Mugil, Jayavel"]
[Black "Deepak, Katiyar"]
[Result "1-0"]
[WhiteElo "2065"]
[BlackElo "2218"]
[PlyCount "69"]
[EventDate "2012.01.15"]
[EventType "swiss"]
[EventRounds "11"]
[EventCountry "IND"]
[SourceTitle "CBM 146 Extra"]
[Source "ChessBase"]
[SourceDate "2012.02.29"]
[SourceVersion "1"]
[SourceVersionDate "2012.02.29"]
[SourceQuality "1"]

1. e4 e6 2. d4 d5 3. e5 c5 4. c3 Nc6 5. Nf3 Qb6 6. a3 Nh6 7. Bd3 Bd7 8. 0-0 cxd4 9. cxd4 Nxd4 10. Nxd4 Qxd4 11. Nc3 Qb6 12. Qe2 0-0-0 13. Bg5 Re8 14. Nb5 Nf5 15. a4 Bxb5 16. axb5 Nd4 17. Qd1 Kb8 18. Bd2 Rc8 19. Qa4 f6 20. Ba5 Qc5 21. b4 Qc3 22. Bb6 axb6 23. Qa7+ Kc7 24. Rfc1 Bxb4 25. Rxc3+ Bxc3 26. Rc1 Kd7 27. Qxb6 fxe5 28. Qxb7+ Rc7 29. Qa6 Nb3 30. b6 Rc5 31. Qa4+ Ke7 32. Qxb3 d4 33. b7 Rb8 34. Qa3 Kd6 35. Qa7 1-0

[Event "IND-ch U15"]
[Site "New Delhi"]
[Date "2010.09.06"]
[Round "4"]
[White "Ojas, Gulhane"]
[Black "Mugil, Jayavel"]
[Result "1-0"]
[WhiteElo "1919"]
[BlackElo "1985"]
[PlyCount "61"]
[EventDate "2010.09.04"]
[EventType "swiss"]
[EventRounds "11"]
[EventCountry "IND"]
[SourceTitle "CBM 138 Extra"]
[Source "ChessBase"]
[SourceDate "2010.10.29"]
[SourceVersion "1"]
[SourceVersionDate "2010.10.29"]
[SourceQuality "1"]

1. c4 e5 2. Nc3 Nc6 3. Nf3 Nf6 4. g3 g6 5. Bg2 Bg7 6. d3 0-0 7. 0-0 d6 8. Rb1 Be6 9. h3 Qd7 10. Kh2 h6 11. b4 Nh7 12. Nd2 f5 13. b5 Nd8 14. a4 g5 15. Ba3 h5 16. c5 e4 17. Qc2 h4 18. dxe4 g4 19. exf5 Bxf5 20. Be4 gxh3 21. cxd6 cxd6 22. Bxf5 Rxf5 23. Nde4 Be5 24. Bxd6 hxg3+ 25. fxg3 Rxf1 26. Rxf1 Bxd6 27. Rd1 Bxg3+ 28. Nxg3 Qe6 29. Nd5 Nf7 30. Nc7 Qf6 31. Rf1 1-0

[Event "IND-ch U20"]
[Site "Chennai"]
[Date "2009.09.20"]
[Round "1"]
[White "Mugil, Jayavel"]
[Black "Narayanan, Srinath"]
[Result "0-1"]
[WhiteElo "1875"]
[BlackElo "2388"]
[PlyCount "106"]
[EventDate "2009.09.20"]
[EventType "swiss"]
[EventRounds "11"]
[EventCountry "IND"]
[SourceTitle "CBM 132 Extra"]
[Source "ChessBase"]
[SourceDate "2009.11.03"]
[SourceVersion "1"]
[SourceVersionDate "2009.11.03"]
[SourceQuality "1"]

1. e4 e5 2. Nf3 Nc6 3. Bc4 Nf6 4. d4 exd4 5. 0-0 Nxe4 6. Re1 d5 7. Bxd5 Qxd5 8. Nc3 Qh5 9. Nxe4 Be6 10. Neg5 0-0-0 11. Nxe6 fxe6 12. Rxe6 Bc5 13. Qe2 Qd5 14. Bd2 h6 15. a3 Rhf8 16. Re1 Kb8 17. b4 Bb6 18. a4 a6 19. b5 axb5 20. axb5 d3 21. Qxd3 Nd4 22. Nxd4 Bxd4 23. R6e2 Rxf2 24. Rxf2 Bxf2+ 25. Kxf2 Qf7+ 26. Qf3 Rxd2+ 27. Ke3 Qxf3+ 28. Kxf3 Rxc2 29. Re5 Ka7 30. h4 Kb6 31. Re7 Rc3+ 32. Kf4 g5+ 33. hxg5 hxg5+ 34. Kxg5 Rg3+ 35. Kf4 Rxg2 36. Ke3 Rc2 37. Kd3 Rc5 38. Kd4 Kxb5 39. Re2 b6 40. Rb2+ Kc6 41. Rb1 b5 42. Rh1 Rc4+ 43. Kd3 Kb6 44. Rh2 c5 45. Ra2 Rh4 46. Ra1 c4+ 47. Kc3 Rh3+ 48. Kc2 Kc5 49. Ra8 Rh2+ 50. Kb1 c3 51. Rc8+ Kb4 52. Rb8 Kc4 53. Kc1 b4 0-1